[Event "DVM U20 2022"]
[Site "Münster GER"]
[Date "2022.12.30"]
[Round "7"]
[White "Koleber, Ksenia Alexandra"]
[Black "Meyer, Emil"]
[Result "0-1"]
[Termination "normal"]
[Board "8.5"]
[WhiteElo "1403"]
[BlackElo "1668"]
[WhiteClock "00:15:46"]
[BlackClock "00:21:14"]
[WhiteTeam "Biebertaler Schachfreunde"]
[BlackTeam "Schachklub Münster 32 e. V."]
[PlyCount "104"]
[WhiteFideId "16271130"]
[BlackFideId "34625771"]
[EventCountry "GER"]
[EventRounds "7"]
[EventType "team-swiss"]
[EventDate "2022.12.26"]

1. e4 {[%clk 01:30:59]} {[%emt 11:26:38]} c5 {[%clk 01:30:45]} {[%emt
00:00:15]} 2. Nc3 {[%clk 01:31:23]} {[%emt 00:00:07]} Nc6 {[%clk 01:31:08]}
{[%emt 00:00:07]} 3. d3 {[%clk 01:31:39]} {[%emt 00:00:13]} g6 {[%clk
01:31:05]} {[%emt 00:00:33]} 4. g3 {[%clk 01:31:58]} {[%emt 00:00:12]} Bg7
{[%clk 01:30:55]} {[%emt 00:00:40]} 5. Bg2 {[%clk 01:32:19]} {[%emt 00:00:09]}
d6 {[%clk 01:29:27]} {[%emt 00:01:58]} 6. Be3 {[%clk 01:31:01]} {[%emt
00:01:48]} Nf6 {[%clk 01:27:16]} {[%emt 00:02:41]} 7. f4 {[%clk 01:26:49]}
{[%emt 00:04:42]} Nd4 {[%clk 01:19:30]} {[%emt 00:08:14]} 8. h3 {[%clk
01:23:29]} {[%emt 00:03:51]} Rb8 {[%clk 01:11:08]} {[%emt 00:08:53]} 9. Nf3
{[%clk 01:20:21]} {[%emt 00:03:38]} Nxf3 {[%clk 01:09:27]} {[%emt 00:02:10]}
10. Qxf3 {[%clk 01:19:56]} {[%emt 00:00:56]} b5 {[%clk 01:09:30]} {[%emt
00:00:27]} 11. O-O {[%clk 01:18:59]} {[%emt 00:01:28]} b4 {[%clk 01:02:31]}
{[%emt 00:07:29]} 12. Ne2 {[%clk 01:14:06]} {[%emt 00:05:23]} O-O {[%clk
01:00:26]} {[%emt 00:02:35]} 13. g4 {[%clk 01:09:41]} {[%emt 00:04:55]} a5
{[%clk 00:55:00]} {[%emt 00:05:56]} 14. f5 {[%clk 01:00:16]} {[%emt 00:09:54]}
Bb7 {[%clk 00:53:17]} {[%emt 00:02:13]} 15. Ng3 {[%clk 00:57:04]} {[%emt
00:03:43]} d5 {[%clk 00:39:08]} {[%emt 00:14:40]} 16. Bf4 {[%clk 00:52:05]}
{[%emt 00:05:28]} dxe4 {[%clk 00:36:34]} {[%emt 00:03:04]} 17. dxe4 {[%clk
00:48:43]} {[%emt 00:03:53]} Qd4 {[%clk 00:33:20]} {[%emt 00:03:43]} 18. Kh1
{[%clk 00:46:45]} {[%emt 00:02:27]} Rbc8 {[%clk 00:30:51]} {[%emt 00:02:59]}
19. Rab1 {[%clk 00:39:07]} {[%emt 00:08:08]} Qc4 {[%clk 00:24:52]} {[%emt
00:06:31]} 20. Qb3 {[%clk 00:35:42]} {[%emt 00:03:55]} Qb5 {[%clk 00:22:09]}
{[%emt 00:03:12]} 21. c4 {[%clk 00:29:08]} {[%emt 00:07:04]} Qa6 {[%clk
00:19:11]} {[%emt 00:03:28]} 22. Qc2 {[%clk 00:26:48]} {[%emt 00:02:49]} Nd7
{[%clk 00:14:48]} {[%emt 00:04:52]} 23. Ne2 {[%clk 00:19:44]} {[%emt 00:07:35]}
Ne5 {[%clk 00:14:27]} {[%emt 00:00:51]} 24. b3 {[%clk 00:19:19]} {[%emt
00:00:55]} Rfd8 {[%clk 00:14:31]} {[%emt 00:00:26]} 25. Rbd1 {[%clk 00:17:39]}
{[%emt 00:02:10]} Qa8 {[%clk 00:13:26]} {[%emt 00:01:35]} 26. fxg6 {[%clk
00:14:15]} {[%emt 00:03:53]} hxg6 {[%clk 00:13:13]} {[%emt 00:00:43]} 27. Ng3
{[%clk 00:13:06]} {[%emt 00:01:39]} Rxd1 {[%clk 00:11:26]} {[%emt 00:02:18]}
28. Rxd1 {[%clk 00:13:06]} {[%emt 00:00:30]} Rd8 {[%clk 00:11:52]} {[%emt
00:00:04]} 29. Be3 {[%clk 00:12:05]} {[%emt 00:01:30]} Rxd1 {[%clk 00:08:54]}
{[%emt 00:03:28]} 30. Qxd1 {[%clk 00:12:29]} {[%emt 00:00:07]} Qc8 {[%clk
00:09:16]} {[%emt 00:00:08]} 31. Qd2 {[%clk 00:10:04]} {[%emt 00:02:54]} Qc7
{[%clk 00:08:33]} {[%emt 00:01:13]} 32. Ne2 {[%clk 00:04:33]} {[%emt 00:06:00]}
a4 {[%clk 00:06:55]} {[%emt 00:02:09]} 33. Nf4 {[%clk 00:02:22]} {[%emt
00:02:41]} Qd6 {[%clk 00:05:49]} {[%emt 00:01:36]} 34. Nd5 {[%clk 00:02:03]}
{[%emt 00:00:49]} a3 {[%clk 00:04:34]} {[%emt 00:01:44]} 35. g5 {[%clk
00:01:30]} {[%emt 00:01:03]} Bxd5 {[%clk 00:03:40]} {[%emt 00:01:23]} 36. exd5
{[%clk 00:01:23]} {[%emt 00:00:38]} Nd7 {[%clk 00:03:12]} {[%emt 00:00:58]} 37.
Qf2 {[%clk 00:01:14]} {[%emt 00:00:40]} Be5 {[%clk 00:01:44]} {[%emt 00:01:58]}
38. Be4 {[%clk 00:00:57]} {[%emt 00:00:47]} Bg3 {[%clk 00:01:52]} {[%emt
00:00:22]} 39. Qf3 {[%clk 00:01:07]} {[%emt 00:00:19]} Qe5 {[%clk 00:01:34]}
{[%emt 00:00:47]} 40. Kg2 {[%clk 00:00:55]} {[%emt 00:00:42]} Be1 {[%clk
00:01:22]} {[%emt 00:00:41]} 41. Kf1 {[%clk 00:28:10]} {[%emt 00:03:16]} Qa1
{[%clk 00:28:04]} {[%emt 00:03:46]} 42. Qe2 {[%clk 00:26:36]} {[%emt 00:02:04]}
Bd2 {[%clk 00:24:54]} {[%emt 00:03:41]} 43. Kf2 {[%clk 00:26:23]} {[%emt
00:00:43]} Bxe3 {[%clk 00:24:58]} {[%emt 00:00:26]} 44. Kxe3 {[%clk 00:26:38]}
{[%emt 00:00:15]} Qc3 {[%clk 00:25:02]} {[%emt 00:00:26]} 45. Qd3 {[%clk
00:23:01]} {[%emt 00:04:07]} Qe1 {[%clk 00:24:13]} {[%emt 00:01:20]} 46. Kf4
{[%clk 00:21:23]} {[%emt 00:02:07]} Qh4 {[%clk 00:24:25]} {[%emt 00:00:18]} 47.
Ke3 {[%clk 00:20:57]} {[%emt 00:00:57]} Qxh3 {[%clk 00:24:23]} {[%emt
00:00:31]} 48. Kd2 {[%clk 00:20:09]} {[%emt 00:01:18]} Qh2 {[%clk 00:22:13]}
{[%emt 00:02:41]} 49. Qe2 {[%clk 00:19:57]} {[%emt 00:00:42]} Qe5 {[%clk
00:22:23]} {[%emt 00:00:16]} 50. Qg2 {[%clk 00:17:57]} {[%emt 00:02:33]} Qd4
{[%clk 00:21:23]} {[%emt 00:01:29]} 51. Ke2 {[%clk 00:17:36]} {[%emt 00:00:52]}
Ne5 {[%clk 00:21:10]} {[%emt 00:00:42]} 52. Ke1 {[%clk 00:15:46]} {[%emt
00:02:20]} Qa1 {[%clk 00:21:14]} {[%emt 00:00:26]} 0-1

[Event "DVM U20 2022"]
[Site "Münster GER"]
[Date "2022.12.30"]
[Round "7"]
[White "John, Niklas"]
[Black "Röhm, Adrian"]
[Result "1-0"]
[Termination "normal"]
[Board "8.6"]
[WhiteElo "1680"]
[BlackElo "1474"]
[WhiteClock "00:05:14"]
[BlackClock "01:36:10"]
[WhiteTeam "Schachklub Münster 32 e. V."]
[BlackTeam "Biebertaler Schachfreunde"]
[PlyCount "112"]
[WhiteFideId "16234626"]
[BlackFideId "16213505"]
[EventCountry "GER"]
[EventRounds "7"]
[EventType "team-swiss"]
[EventDate "2022.12.26"]

1. e4 {[%clk 01:30:50]} {[%emt 00:00:09]} c6 {[%clk 01:30:56]} {[%emt
00:00:05]} 2. d4 {[%clk 01:31:06]} {[%emt 00:00:14]} d5 {[%clk 01:31:22]}
{[%emt 00:00:04]} 3. Nd2 {[%clk 01:31:06]} {[%emt 00:00:26]} dxe4 {[%clk
01:31:45]} {[%emt 00:00:12]} 4. Nxe4 {[%clk 01:31:22]} {[%emt 00:00:14]} Bf5
{[%clk 01:32:12]} {[%emt 00:00:03]} 5. Ng3 {[%clk 01:31:23]} {[%emt 00:00:29]}
Bg6 {[%clk 01:32:37]} {[%emt 00:00:05]} 6. h4 {[%clk 01:31:12]} {[%emt
00:00:41]} h6 {[%clk 01:33:01]} {[%emt 00:00:06]} 7. h5 {[%clk 01:31:27]}
{[%emt 00:00:14]} Bh7 {[%clk 01:33:28]} {[%emt 00:00:03]} 8. Nf3 {[%clk
01:31:39]} {[%emt 00:00:17]} Qc7 {[%clk 01:32:32]} {[%emt 00:01:26]} 9. Bd3
{[%clk 01:31:21]} {[%emt 00:00:48]} Bxd3 {[%clk 01:32:56]} {[%emt 00:00:08]}
10. Qxd3 {[%clk 01:31:41]} {[%emt 00:00:09]} Nd7 {[%clk 01:32:59]} {[%emt
00:00:28]} 11. O-O {[%clk 01:30:13]} {[%emt 00:01:57]} Ngf6 {[%clk 01:33:14]}
{[%emt 00:00:15]} 12. c4 {[%clk 01:24:49]} {[%emt 00:05:53]} e6 {[%clk
01:32:56]} {[%emt 00:00:49]} 13. c5 {[%clk 01:22:08]} {[%emt 00:03:10]} Be7
{[%clk 01:32:26]} {[%emt 00:01:00]} 14. Be3 {[%clk 01:20:04]} {[%emt 00:02:34]}
O-O {[%clk 01:32:32]} {[%emt 00:00:24]} 15. Qd2 {[%clk 01:18:46]} {[%emt
00:01:47]} Ng4 {[%clk 01:29:08]} {[%emt 00:03:55]} 16. Bf4 {[%clk 01:12:00]}
{[%emt 00:07:16]} Qd8 {[%clk 01:29:07]} {[%emt 00:00:32]} 17. Rfe1 {[%clk
01:05:38]} {[%emt 00:06:51]} b6 {[%clk 01:27:40]} {[%emt 00:01:57]} 18. b4
{[%clk 01:01:09]} {[%emt 00:04:59]} a5 {[%clk 01:25:38]} {[%emt 00:02:33]} 19.
a3 {[%clk 00:58:24]} {[%emt 00:03:14]} a4 {[%clk 01:25:20]} {[%emt 00:00:48]}
20. Rad1 {[%clk 00:54:26]} {[%emt 00:04:28]} bxc5 {[%clk 01:25:26]} {[%emt
00:00:25]} 21. dxc5 {[%clk 00:53:51]} {[%emt 00:01:05]} Ndf6 {[%clk 01:25:46]}
{[%emt 00:00:11]} 22. Nd4 {[%clk 00:49:49]} {[%emt 00:04:30]} Qc8 {[%clk
01:23:39]} {[%emt 00:02:38]} 23. f3 {[%clk 00:41:48]} {[%emt 00:08:31]} e5
{[%clk 01:23:49]} {[%emt 00:00:20]} 24. Ngf5 {[%clk 00:38:04]} {[%emt
00:04:13]} Bd8 {[%clk 01:20:10]} {[%emt 00:04:09]} 25. Nd6 {[%clk 00:33:18]}
{[%emt 00:05:17]} Qa6 {[%clk 01:18:19]} {[%emt 00:02:20]} 26. Bxe5 {[%clk
00:30:13]} {[%emt 00:03:35]} Nxe5 {[%clk 01:18:41]} {[%emt 00:00:09]} 27. Rxe5
{[%clk 00:30:37]} {[%emt 00:00:06]} Nd5 {[%clk 01:18:33]} {[%emt 00:00:38]} 28.
Nxc6 {[%clk 00:28:18]} {[%emt 00:02:48]} Qxc6 {[%clk 01:17:11]} {[%emt
00:01:52]} 29. Qxd5 {[%clk 00:26:18]} {[%emt 00:02:30]} Qxd5 {[%emt 00:00:45]}
30. Rexd5 {[%clk 00:26:30]} {[%emt 00:00:11]} Bf6 {[%clk 01:17:17]} {[%emt
00:00:15]} 31. R1d2 {[%clk 00:21:57]} {[%emt 00:05:03]} Bg5 {[%clk 01:16:46]}
{[%emt 00:01:02]} 32. Rc2 {[%clk 00:19:34]} {[%emt 00:02:53]} Rfd8 {[%clk
01:16:14]} {[%emt 00:01:02]} 33. Kf1 {[%clk 00:17:47]} {[%emt 00:02:17]} Bf4
{[%clk 01:15:44]} {[%emt 00:01:01]} 34. Rc4 {[%clk 00:09:06]} {[%emt 00:09:11]}
Bxd6 {[%clk 01:14:39]} {[%emt 00:01:35]} 35. Rxd6 {[%clk 00:08:53]} {[%emt
00:00:43]} Rxd6 {[%clk 01:14:45]} {[%emt 00:00:24]} 36. cxd6 {[%clk 00:09:15]}
{[%emt 00:00:08]} Rd8 {[%clk 01:14:57]} {[%emt 00:00:18]} 37. Rd4 {[%clk
00:09:29]} {[%emt 00:00:16]} Kf8 {[%clk 01:14:37]} {[%emt 00:00:50]} 38. Ke2
{[%clk 00:09:30]} {[%emt 00:00:29]} Ke8 {[%clk 01:13:32]} {[%emt 00:01:36]} 39.
Kd3 {[%clk 00:09:26]} {[%emt 00:00:33]} Kd7 {[%clk 01:13:45]} {[%emt 00:00:17]}
40. Rf4 {[%clk 00:07:22]} {[%emt 00:02:34]} Ke6 {[%clk 01:13:47]} {[%emt
00:00:28]} 41. Rd4 {[%clk 00:06:55]} {[%emt 00:00:56]} Kd7 {[%clk 01:13:56]}
{[%emt 00:00:21]} 42. f4 {[%clk 00:03:17]} {[%emt 00:04:08]} g6 {[%clk
01:12:36]} {[%emt 00:01:51]} 43. hxg6 {[%clk 00:02:34]} {[%emt 00:01:12]} fxg6
{[%clk 01:12:43]} {[%emt 00:00:23]} 44. Kc4 {[%clk 00:02:52]} {[%emt 00:00:12]}
Rc8 {[%clk 01:12:38]} {[%emt 00:00:35]} 45. Kb5 {[%clk 00:01:44]} {[%emt
00:01:37]} Rc2 {[%clk 01:12:59]} {[%emt 00:00:09]} 46. g4 {[%clk 00:00:56]}
{[%emt 00:01:18]} Rg2 {[%clk 01:13:14]} {[%emt 00:00:15]} 47. f5 {[%clk
00:30:08]} {[%emt 00:01:18]} gxf5 {[%clk 01:42:33]} {[%emt 00:01:11]} 48. gxf5
{[%clk 00:30:22]} {[%emt 00:00:16]} Rg5 {[%clk 01:42:55]} {[%emt 00:00:08]} 49.
Kxa4 {[%clk 00:29:14]} {[%emt 00:01:38]} Rxf5 {[%clk 01:43:18]} {[%emt
00:00:08]} 50. b5 {[%clk 00:29:08]} {[%emt 00:00:36]} h5 {[%clk 01:41:56]}
{[%emt 00:01:53]} 51. b6 {[%clk 00:28:54]} {[%emt 00:00:44]} h4 {[%clk
01:40:43]} {[%emt 00:01:43]} 52. b7 {[%clk 00:15:00]} {[%emt 00:14:24]} Rf8
{[%clk 01:40:08]} {[%emt 00:01:06]} 53. Kb5 {[%clk 00:12:21]} {[%emt 00:03:08]}
h3 {[%clk 01:36:13]} {[%emt 00:04:25]} 54. Ka6 {[%clk 00:09:15]} {[%emt
00:03:36]} Rf3 {[%clk 01:36:26]} {[%emt 00:00:17]} 55. b8=Q {[%clk 00:05:10]}
{[%emt 00:04:35]} Rxa3 {[%clk 01:36:44]} {[%emt 00:00:13]} 56. Kb5 {[%clk
00:05:14]} {[%emt 00:00:25]} Ra8 {[%clk 01:36:10]} {[%emt 00:00:13]} 1-0